| 000 | 00521cam a22002053a 4500 | ||
|---|---|---|---|
| 001 | |||
| 003 | DO-SdBNP | ||
| 005 | 20220428095515.0 | ||
| 008 | 970709s1988 nyu 000 1 eng d | ||
| 040 |
_aBPMSU _bspa _cBPMSU _d |
||
| 082 |
_a813 _bM376p 1988 _222 |
||
| 100 | 1 |
_a Martel, John S. _d |
|
| 245 | 1 | 0 |
_aPartners / _c John Martel. |
| 260 |
_aToronto : _bBantam Books, _c1988 |
||
| 300 |
_a437 p. ; _c23 cm. |
||
| 590 | _6Inventariado, 2022/VM | ||
| 650 | 4 | _aNovela estadounidense | |
| 910 | _aVMateo | ||
| 942 |
_cBK _2ddc |
||
| 999 |
_c14169 _d14169 |
||